Le mot nu ment (notice n° 1642919)

détails MARC
000 -LEADER
fixed length control field 01127cam a2200253 4500500
005 - DATE AND TIME OF LATEST TRANSACTION
control field 20260201144438.0
041 ## - LANGUAGE CODE
Language code of text/sound track or separate title fre
042 ## - AUTHENTICATION CODE
Authentication code dc
100 10 - MAIN ENTRY--PERSONAL NAME
Personal name Bosc, Patrice
Relator term author
245 00 - TITLE STATEMENT
Title Le mot nu ment
260 ## - PUBLICATION, DISTRIBUTION, ETC.
Date of publication, distribution, etc. 2018.<br/>
500 ## - GENERAL NOTE
General note 85
520 ## - SUMMARY, ETC.
Summary, etc. Ce petit texte joue des mots pour dire leur puissance, mais aussi leur dépendance à l’interprétation à venir, la seule qui vaille, et ainsi conclure de leur inexistence dans leur isolement et leur fossilisation. Pour dire sans doute, ce qui n’est pas encore dit là, qu’il n’y a de mot et de langage que dans l’interprétation, dans le croisement des langues, étrangères ou familières.
690 ## - LOCAL SUBJECT ADDED ENTRY--TOPICAL TERM (OCLC, RLIN)
Topical term or geographic name as entry element le commerce des mots
690 ## - LOCAL SUBJECT ADDED ENTRY--TOPICAL TERM (OCLC, RLIN)
Topical term or geographic name as entry element le mot
690 ## - LOCAL SUBJECT ADDED ENTRY--TOPICAL TERM (OCLC, RLIN)
Topical term or geographic name as entry element le mot en devenir
690 ## - LOCAL SUBJECT ADDED ENTRY--TOPICAL TERM (OCLC, RLIN)
Topical term or geographic name as entry element le mot en tant que chiffre
690 ## - LOCAL SUBJECT ADDED ENTRY--TOPICAL TERM (OCLC, RLIN)
Topical term or geographic name as entry element le mot en tant que subversif
690 ## - LOCAL SUBJECT ADDED ENTRY--TOPICAL TERM (OCLC, RLIN)
Topical term or geographic name as entry element les mots qui libèrent
690 ## - LOCAL SUBJECT ADDED ENTRY--TOPICAL TERM (OCLC, RLIN)
Topical term or geographic name as entry element mot juste et vérité
690 ## - LOCAL SUBJECT ADDED ENTRY--TOPICAL TERM (OCLC, RLIN)
Topical term or geographic name as entry element voix et voie des mots
786 0# - DATA SOURCE ENTRY
Note Empan | 111 | 3 | 2018-08-31 | p. 121-122 | 1152-3336
856 41 - ELECTRONIC LOCATION AND ACCESS
Uniform Resource Identifier <a href="https://shs.cairn.info/revue-empan-2018-3-page-121?lang=fr&redirect-ssocas=7080">https://shs.cairn.info/revue-empan-2018-3-page-121?lang=fr&redirect-ssocas=7080</a>

Pas d'exemplaire disponible.

PLUDOC

PLUDOC est la plateforme unique et centralisée de gestion des bibliothèques physiques et numériques de Guinée administré par le CEDUST. Elle est la plus grande base de données de ressources documentaires pour les Étudiants, Enseignants chercheurs et Chercheurs de Guinée.

Adresse

627 919 101/664 919 101

25 boulevard du commerce
Kaloum, Conakry, Guinée

Réseaux sociaux

Powered by Netsen Group @ 2025